000 00906nam a22002297a 4500
999 _c53003
_d53003
005 20250724134327.0
008 s2550 th tha d
020 _a9789749898154
040 _aNALT
041 _atha
050 _aBQ 5335
_bว111ค 2550
100 0 _aว. วชิรเมธี
_924989
245 1 0 _aคนสำราญ งานสำเร็จ /
_cว. วชิรเมธี
260 _aกรุงเทพฯ :
_bอมรินทร์,
_c2550
300 _a175 หน้า :
_bภาพประกอบ ;
_c16 ซม.
650 0 _aการทำงาน
_xแง่ศาสนา
_941407
650 0 _aธรรมะกับชีวิตประจำวัน
_94420
650 0 4 _aธรรมะ (พุทธศาสนา)
_9350
850 _aNALT
942 _cGB
_2lcc
998 _j1020
_k นางจำเรียง ระวังสำโรง